Statistiques concernant Culture Générale - Série 769

Cliquez ici pour prendre le quiz!

Statistiques générales

  • Ce quiz a été pris 134 fois
  • Le résultat moyen est 7 sur 10

Statistiques - réponses

QuestionRéponse% Correct
Dans un texte, quels signes typographiques doubles ouvre-t-on au début d'une citation et ferme-t-on à la fin ?guillemets
97%
Selon l'expression familière, à quel astre s'expose-t-on quand on "fait le lézard" ?soleil
95%
Selon l'expression courante, quel objet associe-t-on à Pandore ?boîte
94%
Quel footballeur a inscrit 2 buts de la tête en finale de la Coupe du monde 1998 ?Zinédine Zidane
93%
En 1993, Steven Spielberg a réalisé le film : "La Liste de...Schindler
92%
Quel chanteur longtemps associé à Stone, a composé avec Didier Barbelivien la chanson du générique du dessin animé "San Ku Kaï" ?Éric Charden
80%
Quel sculpteur, connu pour ses compressions, est le créateur des "trophées" remis comme récompenses cinématographiques en France, depuis 1976 ?César
75%
Quel mot anglais, rimant avec "kitsch", désigne le bref résumé du scénario d'un film ?pitch
63%
Dans le film de Claude Berri "Manon des sources", quel objet appartenant à Manon, Ugolin se coud-il sur le coeur en gage d'amour ?ruban
23%
Dans quelle ville américaine l'université Harvard se trouve-t-elle ?Cambridge
16%

Distribution des résultats

Percentile par nombre de réponses

% des personnes avec chaque résultat

Votre développement - résultats

Vous n’avez pas pris ce quiz